[Event "GER-chT U20"]
[Site "Duesseldorf"]
[Date "2017.12.28"]
[Round "4.6"]
[White "Von Koslowski, Wilhelm"]
[Black "Graf, Lucas"]
[Result "0-1"]
[WhiteElo "1523"]
[BlackElo "1781"]
[PlyCount "76"]
[EventDate "2017.12.27"]
[EventType "team-swiss"]
[EventRounds "7"]
[EventCountry "GER"]
[SourceTitle "CBM 182 Extra"]
[Source "ChessBase"]
[SourceDate "2018.02.23"]
[SourceVersion "1"]
[SourceVersionDate "2018.02.23"]
[SourceQuality "1"]
[WhiteTeam "Coswig U20"]
[BlackTeam "Plauen Koenig U20"]
[WhiteTeamCountry "GER"]
[BlackTeamCountry "GER"]

1. e4 c5 2. d3 Nc6 3. f4 d5 4. Nd2 b6 5. Ngf3 Bb7 6. c3 e6 7. Be2 Nf6 8. h3 Be7 9. Qc2 Qc7 10. e5 Nd7 11. 0-0 f6 12. exf6 gxf6 13. Ne1 0-0-0 14. a3 Bd6 15. Nb1 Rhg8 16. b4 Ne7 17. Bg4 f5 18. Be2 Rg7 19. d4 Rdg8 20. Qd2 Nf6 21. Qe3 Ne4 22. Nd2 Rg3 23. Nxe4 Rxe3 24. Nxd6+ Qxd6 25. Bxe3 cxd4 26. Bxd4 Nc6 27. Bf6 Rg6 28. Bh8 Qd8 29. Bd4 Nxd4 30. cxd4 Qh4 31. Rc1+ Kd8 32. Rc3 Rg3 33. Rxg3 Qxg3 34. Nc2 Qc3 35. Bd1 Ba6 36. Rf2 Bd3 37. Rf3 Qd2 38. Ne3 Be4 0-1

[Event "GER-chT U20"]
[Site "Borken"]
[Date "2016.12.28"]
[Round "4.4"]
[White "Von Koslowski, Wilhelm"]
[Black "Wastian, Jan"]
[Result "0-1"]
[WhiteElo "1609"]
[BlackElo "1916"]
[PlyCount "68"]
[EventDate "2016.12.27"]
[EventType "team-swiss"]
[EventRounds "7"]
[EventCountry "GER"]
[SourceTitle "EXT 2018"]
[Source "ChessBase"]
[SourceDate "2017.10.13"]
[SourceVersion "1"]
[SourceVersionDate "2017.10.13"]
[SourceQuality "1"]
[WhiteTeam "Coswig"]
[BlackTeam "Brackel"]
[WhiteTeamCountry "GER"]
[BlackTeamCountry "GER"]

1. e4 c6 2. Nc3 d5 3. Nf3 Bg4 4. h3 Bxf3 5. Qxf3 e6 6. d3 Bd6 7. Bd2 Nd7 8. g4 Ne5 9. Qe3 d4 10. Qe2 dxc3 11. Bxc3 f6 12. 0-0-0 Ng6 13. Bd2 Qc7 14. Kb1 0-0-0 15. Bg2 Nf4 16. Qf3 Ne7 17. d4 Nxg2 18. Qxg2 Ng6 19. c3 Kb8 20. h4 Bf4 21. h5 Bxd2 22. Rxd2 Nf4 23. Qf3 g5 24. Rhd1 Rd7 25. c4 Rhd8 26. d5 exd5 27. exd5 cxd5 28. cxd5 Rd6 29. Rc2 Qf7 30. Rdc1 Qxd5 31. Qc3 Rc6 32. Qb4 Rxc2 33. Rxc2 Qd3 34. Qc5 Ne6 0-1

[Event "GER-chT U14"]
[Site "Verden"]
[Date "2015.12.28"]
[Round "3.3"]
[White "Von Koslowski, Wilhelm"]
[Black "Kartsev, Nikolaj"]
[Result "0-1"]
[WhiteElo "1526"]
[BlackElo "1705"]
[PlyCount "96"]
[EventDate "2015.12.27"]
[EventType "team-swiss"]
[EventRounds "7"]
[EventCountry "GER"]
[SourceTitle "EXT 2017"]
[Source "ChessBase"]
[SourceDate "2016.10.25"]
[SourceVersion "1"]
[SourceVersionDate "2016.10.25"]
[SourceQuality "1"]
[WhiteTeam "Coswig"]
[BlackTeam "Brackel"]
[WhiteTeamCountry "GER"]
[BlackTeamCountry "GER"]

1. e4 c5 2. Nf3 d6 3. d4 cxd4 4. Nxd4 Nf6 5. Nc3 Nc6 6. Bg5 e6 7. Qd2 Be7 8. 0-0-0 a6 9. f4 0-0 10. Be2 Qc7 11. Kb1 Rd8 12. Qe3 e5 13. Nb3 exf4 14. Bxf4 Ne5 15. Bxe5 dxe5 16. h3 Be6 17. g4 b5 18. g5 Nd7 19. Nd5 Bxd5 20. Rxd5 Nb6 21. Rdd1 Rac8 22. Bd3 Na4 23. Qc1 Bxg5 24. Qxg5 Rxd3 25. Qc1 Re3 26. Rde1 Rxe1 27. Rxe1 Qd7 28. Qe3 Rd8 29. a3 Qd6 30. Rf1 Nb6 31. Qf3 f6 32. Qg4 Nc4 33. Ka2 Ne3 34. Qe2 Nxf1 35. Qxf1 Qc6 36. Qe2 Qc4 37. Qg2 a5 38. Kb1 Rd1+ 39. Nc1 Qf1 40. Qxf1 Rxf1 41. b3 Rh1 42. Kb2 Rxh3 43. Nd3 Rxd3 44. cxd3 h5 45. Kc3 h4 46. b4 a4 47. d4 h3 48. d5 h2 0-1

[Event "GER-chT U14"]
[Site "Regensburg"]
[Date "2014.12.29"]
[Round "5.4"]
[White "Von Koslowski, Wilhelm"]
[Black "Browning, Rebecca"]
[Result "0-1"]
[WhiteElo "1394"]
[BlackElo "1471"]
[PlyCount "84"]
[EventDate "2014.12.27"]
[EventType "team-swiss"]
[EventRounds "7"]
[EventCountry "GER"]
[SourceTitle "EXT 2016"]
[Source "ChessBase"]
[SourceDate "2015.10.08"]
[SourceVersion "1"]
[SourceVersionDate "2015.10.08"]
[SourceQuality "1"]
[WhiteTeam "Coswig TuS"]
[BlackTeam "Halver Schalksmuehle"]
[WhiteTeamCountry "GER"]
[BlackTeamCountry "GER"]

1. e4 e6 2. Qe2 b6 3. g3 Bb7 4. Bg2 Be7 5. Nf3 d6 6. 0-0 Nd7 7. d4 c5 8. c3 a5 9. Re1 Ba6 10. Qe3 Ngf6 11. Nbd2 h6 12. b3 e5 13. Bb2 Ng4 14. d5 Nxe3 15. Rxe3 0-0 16. c4 b5 17. a4 bxc4 18. bxc4 Rb8 19. Bc3 Qc7 20. Ree1 Ra8 21. Rec1 Rfb8 22. Ne1 Bg5 23. Nef3 Bxd2 24. Nxd2 Nb6 25. Bf1 Bc8 26. Ra3 Bd7 27. Rca1 f5 28. f3 Rf8 29. Bd3 Qd8 30. Kg2 h5 31. Bc2 f4 32. Rh1 Rf6 33. Bb3 Rg6 34. Nf1 Qh4 35. Be1 Qh3+ 36. Kg1 Rb8 37. Bf2 Nxa4 38. Bxa4 Bxa4 39. Ra1 Rb2 40. Rc1 Bb3 41. Ra1 Bxc4 42. Rc1 Be2 0-1

[Event "GER-chT U14"]
[Site "Regensburg"]
[Date "2014.12.27"]
[Round "1.4"]
[White "Von Koslowski, Wilhelm"]
[Black "Loeffner, Miguel"]
[Result "1-0"]
[WhiteElo "1394"]
[BlackElo "1211"]
[PlyCount "53"]
[EventDate "2014.12.27"]
[EventType "team-swiss"]
[EventRounds "7"]
[EventCountry "GER"]
[SourceTitle "EXT 2016"]
[Source "ChessBase"]
[SourceDate "2015.10.08"]
[SourceVersion "1"]
[SourceVersionDate "2015.10.08"]
[SourceQuality "1"]
[WhiteTeam "Coswig TuS"]
[BlackTeam "Lambsheim"]
[WhiteTeamCountry "GER"]
[BlackTeamCountry "GER"]

1. e4 e5 2. Nf3 Nc6 3. d4 exd4 4. Nxd4 Bc5 5. Be3 Nge7 6. Nxc6 bxc6 7. Bxc5 d6 8. Bd4 0-0 9. Bc4 d5 10. exd5 cxd5 11. Bd3 c6 12. 0-0 Ng6 13. c4 Qh4 14. Bc5 Rd8 15. Qe2 Nf4 16. Qe3 Be6 17. Nd2 d4 18. Qe4 Nh3+ 19. gxh3 Qg5+ 20. Kh1 Qxc5 21. Qxh7+ Kf8 22. Rg1 Ke7 23. Qxg7 Qb4 24. Qg5+ Kd7 25. b3 Rac8 26. Ne4 c5 27. Qe5 1-0